Strategické riadenie v malých podnikoch

Chyby v strategickom riadení malých podnikov. Zvláštnosti strategického riadenia malého podniku. Problém racionality v strategickom riadení malých podnikov. Tvorba stratégie podniku.

Salvato in:
Dettagli Bibliografici
Autore principale: Slávik, Štefan, 1955-
Natura: Capitolo di libro
Lingua:slovacco
Soggetti:
Tags: Aggiungi Tag
Nessun Tag, puoi essere il primo ad aggiungerne!!

MARC

LEADER 00000naa a2200000 4500
001 r040991
005 20240502071336.1
041 0 |a slo 
044 |a SK 
245 1 0 |a Strategické riadenie v malých podnikoch  |c Štefan Slávik 
520 |a Chyby v strategickom riadení malých podnikov. Zvláštnosti strategického riadenia malého podniku. Problém racionality v strategickom riadení malých podnikov. Tvorba stratégie podniku. 
610 2 0 |a riadenie strategické 
610 2 0 |a podnik malý 
610 2 0 |a plán podnikateľský 
610 2 0 |a stratégia podniková 
610 2 0 |a konkurencia 
100 1 |a Slávik, Štefan, 1955-